[Event "Jersey op"]
[Site "St Helier"]
[Date "1999.02.19"]
[Round "6"]
[White "Benson, Paul J"]
[Black "Botham, Christopher Paul"]
[Result "1/2-1/2"]
[WhiteElo "2010"]
[BlackElo "2079"]
[PlyCount "61"]
[EventDate "1999.02.??"]
[EventType "swiss"]
[EventRounds "7"]
[EventCountry "JCI"]
[SourceTitle "EXT 2000"]
[Source "ChessBase"]
[SourceDate "1999.11.16"]
[SourceVersion "1"]
[SourceVersionDate "1999.11.16"]
[SourceQuality "1"]

1. d4 Nf6 2. Nc3 d5 3. Bg5 Nbd7 4. Nf3 g6 5. e3 Bg7 6. Bd3 0-0 7. 0-0 b6 8. Re1 Bb7 9. e4 dxe4 10. Nxe4 Nxe4 11. Bxe4 Bxe4 12. Rxe4 Nf6 13. Re1 Re8 14. c3 Qd5 15. Qb3 e6 16. Bf4 Rac8 17. c4 Qb7 18. Rad1 c6 19. h3 h6 20. a4 a5 21. Rd2 Bf8 22. Be5 Nd7 23. Red1 Red8 24. Qe3 Nxe5 25. dxe5 Qc7 26. b3 Kh7 27. Qf4 Kg8 28. h4 Bg7 29. Rd6 Bf8 30. R6d2 Bg7 31. Rd6 1/2-1/2